000 00303nam a2200145Ia 4500
008 090124s9999 xx 000 0 und d
082 _b112685
245 _a मोहर
250 _a1
260 _c1969
300 _a279
630 _a मोहर
730 _a मोहर
942 _cBOOK
999 _c158776
_d158776